书目信息 |
| 题名: |
化学发展简史
|
|
| 作者: | 《化学发展简史》编写组编著 | |
| 分册: | ||
| 出版信息: | 北京 科学出版社 1980 |
|
| 页数: | 384页 | |
| 开本: | 25cm | |
| 丛书名: | ||
| 单 册: | ||
| 中图分类: | O6-09 , O6 | |
| 科图分类: | ||
| 主题词: | ||
| 电子资源: | ||
| ISBN: | ||
| 000 | 00523nam0 2200205 450 | |
| 001 | 1570058078 | |
| 005 | 20150129192819.19 | |
| 010 | @dCNY2.00 | |
| 091 | @a13031.1043 | |
| 100 | @a19950420d1980 em y0chiy0110 ea | |
| 101 | 0 | @achi |
| 102 | @aCN@b110000 | |
| 105 | @ay z 000yy | |
| 200 | 1 | @a化学发展简史@9hua xue fa zhan jian shi@f《化学发展简史》编写组编著 |
| 210 | @a北京@c科学出版社@d1980 | |
| 215 | @a384页@d25cm | |
| 690 | @aO6-09@v5 | |
| 690 | @aO6@v4 | |
| 801 | 0 | @aCN@bTSSF@c20150129 |
| 905 | @aZUCC@dO6@eJY52 | |
| 化学发展简史/《化学发展简史》编写组编著.-北京:科学出版社,1980 |
| 384页;25cm |
| ISBN :CNY2.00 |
| ● |
| 相关链接 |
|
|
|
|
正题名:化学发展简史
索取号:O6/JY52
 
预约/预借
| 序号 | 登录号 | 条形码 | 馆藏地/架位号 | 状态 | 备注 |
| 1 | 7862054 | 278620547 | 学院路分馆/ [索取号:O6/JY52] | 在馆 |